00889 2200313 4500001002100000005001700021008004100038020001800079035002400097082001000121090001700131100001800148245012900166250001000295260002300305300003100328500005700359500002500416500001100441650001500452700001900467850001300486980001300499985000600512986001200518999001500530999001500545999001500560YOGYA-0209000001714220090227022727.0 ind  a979-448-019-3 0010-020900000017142 a618.1 a618.1bSim B aSIMONS, Wendy aBelajar merawat di bangsal ginekologi = (learning to care on the gynacology word)cWendy Simons ; alih bahasa, Iyan Darmawan aCet.4 aJakartabEGCc1994 aviii, 130 hlmbilusc21 cm aJudul asli : Learning to care on the gynocology ward aTermasuk bibliografi aIndeks aGinekology aDARMAWAN, Iyan aYOPDYOGB a5-1-2006 a3 aPrRTREV a95P0065965 a0aP0003004 a01P0003005